000
00288nam a2200133Ia 4500
005
20251222155051.0
008
251222s9999||||xx |||||||||||||| ||spa||
082
_a
REL.99
100
_a
KAISER Federico.
245
0
_a
Contesta
250
_a
4ta. ed.
264
_b
No tiene
942
_c
LIB
999
_c
37292
_d
37292